| 000 | 00747nam a2200241Ia 4500 | ||
|---|---|---|---|
| 005 | 20250622124036.0 | ||
| 008 | 250617s9999||||xx |||||||||||||| ||ara|| | ||
| 017 |
_a2015/17942 _bمصر. دار الكتب |
||
| 020 | _a9789776426795 | ||
| 082 | 0 | 4 |
_a"810,803541" _bغ ع |
| 100 | 0 | _aغادة كريم | |
| 245 | 1 | 0 |
_aعلامات الحب السبعة / _cغادة كريم |
| 250 | _aط1 | ||
| 260 | 3 |
_aالقاهرة : _b"دون للنشر والتوزيع،" _c2016. |
|
| 300 |
_a181ص ؛ _b _c20سم. |
||
| 650 | _aالأدب العربى | ||
| 650 | _aالحب | ||
| 650 | _aالرسائل الأدبية | ||
| 650 | _aالرسائل الغرامية | ||
| 650 | _aالزواج | ||
| 942 | _cBK | ||
| 999 |
_c67652 _d67652 |
||